Les 22 cartes du Tarot - Statistiques

Statistiques générales
  • Ce quiz a été pris 35 fois
  • Le résultat moyen est 16 sur 22
Statistiques - réponses
Numéro Réponse % Correct
0 Le Mât | Le Fou
96%
XIII La Mort
92%
XVI La Tour | La Maison de Dieu
88%
XVIII La Lune
85%
XIX Le Soleil
85%
XVII L'Étoile
85%
IV L'Empereur
81%
XII Le Pendu
81%
I Le Bateleur | Le Magicien
77%
XXI Le Monde
77%
V Le Pape | Le Hiérophante
77%
III L'Impératrice
77%
VI Les Amoureux
73%
VII Le Chariot
69%
VIII La Force
65%
II La Papesse | La Grande Prêtresse
65%
X La Roue de la Fortune
65%
XIV La Tempérance
65%
XI La Justice
62%
XX Le Jugement
62%
XV Le Diable
54%
IX L'Hermite
54%
Aucun quiz correspondant
Distribution des résultats
% des personnes avec chaque résultat
Percentile par nombre de réponses
Votre historique - résultats
Vous n’avez pas pris ce quiz